000 00289nam a2200121Ia 4500
008 240624s9999 xx 000 0 und d
041 _aeng
082 _a332.64 NAR
100 _a#N/A
245 _aINSIDE THE BLACK BOX A SIMPLE GUIDE TO Q
260 _c2013
_aHoboken
_bWiley
365 _cRS
999 _c28647
_d28647